[Event "Arco op 45th"]
[Site "Arco"]
[Date "2023.10.11"]
[Round "5"]
[White "Aarav, Bhavin Mehta"]
[Black "Kern, Beat"]
[Result "1-0"]
[WhiteElo "1877"]
[BlackElo "1546"]
[PlyCount "45"]
[EventDate "2023.10.07"]
[EventType "swiss"]
[EventRounds "9"]
[EventCountry "ITA"]
[SourceTitle "CBM 216 Extra"]
[Source "ChessBase"]
[SourceDate "2023.11.30"]
[SourceVersion "1"]
[SourceVersionDate "2023.11.30"]
[SourceQuality "1"]

1. e4 e5 2. Nf3 Nf6 3. Nxe5 d6 4. Nf3 Nxe4 5. Nc3 Nf6 6. d4 Be7 7. Bd3 0-0 8. h3 d5 9. 0-0 c5 10. dxc5 Bxc5 11. Bg5 Be7 12. Re1 Be6 13. Nd4 Qd7 14. Nxe6 fxe6 15. Qe2 Nc6 16. Qxe6+ Qxe6 17. Rxe6 d4 18. Ne2 Rae8 19. Bc4 Kh8 20. Nf4 a6 21. Rae1 Bd6 22. Bxf6 Rxe6 23. Bxg7+ 1-0

[Event "Mumbai Wealth U13 op 5th"]
[Site "Mumbai"]
[Date "2020.01.07"]
[Round "9"]
[White "Aarav, Bhavin Mehta"]
[Black "Azher, Hossain"]
[Result "1-0"]
[WhiteElo "1242"]
[BlackElo "1498"]
[PlyCount "67"]
[EventDate "2019.12.30"]
[EventType "swiss"]
[EventRounds "9"]
[EventCountry "IND"]
[SourceTitle "CBM 194 Extra"]
[Source "ChessBase"]
[SourceDate "2020.03.31"]
[SourceVersion "1"]
[SourceVersionDate "2020.03.31"]
[SourceQuality "1"]

1. d4 d5 2. Nf3 Nf6 3. e3 c6 4. c4 e6 5. Bd3 Nbd7 6. b3 Bd6 7. 0-0 0-0 8. Bb2 Re8 9. Ne5 c5 10. f4 Ne4 11. Nd2 f5 12. Rf3 Ndf6 13. Rh3 Bxe5 14. fxe5 Ng4 15. Bxe4 dxe4 16. Nxe4 cxd4 17. exd4 Nxe5 18. dxe5 fxe4 19. Qh5 h6 20. Qg6 Rf8 21. Rxh6 Qb6+ 22. Kh1 Qf2 23. Qh7+ Kf7 24. Rf6+ Ke8 25. Rxf2 Rxf2 26. Qg6+ Kf8 27. Ba3+ Kg8 28. Kg1 Re2 29. Rd1 Bd7 30. Rxd7 Re1+ 31. Kf2 Rf8+ 32. Kxe1 Rf1+ 33. Kxf1 e3 34. Qxg7# 1-0

[Event "Mumbai Wealth U13 op 5th"]
[Site "Mumbai"]
[Date "2020.01.06"]
[Round "8"]
[White "Athalye, Varad"]
[Black "Aarav, Bhavin Mehta"]
[Result "1-0"]
[WhiteElo "1587"]
[BlackElo "1242"]
[PlyCount "111"]
[EventDate "2019.12.30"]
[EventType "swiss"]
[EventRounds "9"]
[EventCountry "IND"]
[SourceTitle "CBM 194 Extra"]
[Source "ChessBase"]
[SourceDate "2020.03.31"]
[SourceVersion "1"]
[SourceVersionDate "2020.03.31"]
[SourceQuality "1"]

1. e4 c5 2. Nf3 a6 3. Nc3 Nc6 4. d4 cxd4 5. Nxd4 Nf6 6. Nxc6 dxc6 7. Qxd8+ Kxd8 8. Be3 e5 9. Bb6+ Ke8 10. 0-0-0 Be6 11. a3 Be7 12. f3 g6 13. Na4 Nd7 14. Bc7 Rc8 15. Rxd7 Bxd7 16. Bxe5 f6 17. Bg3 c5 18. Nb6 Rc6 19. Nxd7 Kxd7 20. Bc4 Kc8 21. a4 Bd8 22. Rd1 Bc7 23. Bf2 Rd6 24. Bd5 b6 25. a5 Rdd8 26. axb6 Bxb6 27. b4 Bc7 28. Bxc5 Rhe8 29. Rd3 Bf4+ 30. Kb1 Be5 31. Ra3 f5 32. Rxa6 fxe4 33. fxe4 Bh8 34. b5 g5 35. c4 Be5 36. b6 Bb8 37. b7+ Kc7 38. Bb6+ Kd7 39. Bxd8 Rxd8 40. Rh6 Rh8 41. c5 Kc7 42. Rf6 h5 43. Kc2 Ba7 44. Rf7+ Kb8 45. c6 Bb6 46. e5 Re8 47. e6 Bd8 48. Kb3 h4 49. h3 Be7 50. Kc4 Bd8 51. Kb5 Ka7 52. c7 Bxc7 53. Rxc7 Kb8 54. Rc8+ Rxc8 55. bxc8Q+ Kxc8 56. Kc6 1-0

[Event "Mumbai Wealth U13 op 5th"]
[Site "Mumbai"]
[Date "2020.01.05"]
[Round "7"]
[White "Aarav, Bhavin Mehta"]
[Black "Shrey, Nilkant"]
[Result "1-0"]
[WhiteElo "1242"]
[BlackElo "1466"]
[PlyCount "97"]
[EventDate "2019.12.30"]
[EventType "swiss"]
[EventRounds "9"]
[EventCountry "IND"]
[SourceTitle "CBM 194 Extra"]
[Source "ChessBase"]
[SourceDate "2020.03.31"]
[SourceVersion "1"]
[SourceVersionDate "2020.03.31"]
[SourceQuality "1"]

1. d4 d5 2. Nf3 Nf6 3. e3 c6 4. c4 a6 5. Nc3 Bf5 6. Qb3 Ra7 7. Be2 e6 8. Nh4 Bg6 9. Nxg6 hxg6 10. Bd2 Be7 11. Rc1 Nbd7 12. Bd3 dxc4 13. Bxc4 b5 14. Be2 c5 15. Bf3 c4 16. Qc2 Qc7 17. g3 e5 18. Ne4 Nxe4 19. Bxe4 f5 20. Bg2 Bf6 21. Bc3 e4 22. Bd2 Nb6 23. Ba5 Kf7 24. b3 Rc8 25. bxc4 Qxc4 26. Qxc4+ Rxc4 27. Ke2 Rxc1 28. Rxc1 Nc4 29. Bb4 Be7 30. Bxe7 Kxe7 31. f3 exf3+ 32. Bxf3 Kd6 33. Kd3 Re7 34. Re1 Kc7 35. Bd5 Nb6 36. Rc1+ Kd8 37. Bb3 Nc4 38. Bxc4 Rc7 39. Rc2 bxc4+ 40. Rxc4 Rb7 41. Kc3 Kd7 42. a3 Kd6 43. Rb4 Rc7+ 44. Kd3 a5 45. Rb6+ Rc6 46. Rxc6+ Kxc6 47. Kc4 g5 48. h4 f4 49. exf4 1-0

[Event "Mumbai Wealth U13 op 5th"]
[Site "Mumbai"]
[Date "2020.01.03"]
[Round "5"]
[White "Aarav, Bhavin Mehta"]
[Black "Keshav, Padmanabhan"]
[Result "0-1"]
[WhiteElo "1242"]
[BlackElo "1452"]
[PlyCount "128"]
[EventDate "2019.12.30"]
[EventType "swiss"]
[EventRounds "9"]
[EventCountry "IND"]
[SourceTitle "CBM 194 Extra"]
[Source "ChessBase"]
[SourceDate "2020.03.31"]
[SourceVersion "1"]
[SourceVersionDate "2020.03.31"]
[SourceQuality "1"]

1. d4 d5 2. Nf3 Nf6 3. e3 e6 4. Bd3 Be7 5. Nbd2 0-0 6. 0-0 Nbd7 7. e4 dxe4 8. Nxe4 Nxe4 9. Bxe4 Nf6 10. Bd3 c5 11. c3 b6 12. Bc2 h6 13. Bf4 Bb7 14. Qe2 cxd4 15. Nxd4 Bd6 16. Bxd6 Qxd6 17. Rfe1 Rad8 18. Rad1 a6 19. h3 Qc7 20. a3 Rfe8 21. Rd2 Rd7 22. Red1 Red8 23. Bb1 b5 24. Bc2 Ba8 25. Bb1 Qb7 26. Nf3 Qc6 27. Bc2 Qb7 28. Bb1 Qc6 29. Bc2 Bb7 30. Bb1 Ba8 31. Bc2 Bb7 32. Bb1 Ba8 33. Bc2 Rd6 34. Bb1 R8d7 35. Bc2 Rd8 36. Bb1 R8d7 37. Bc2 Rd8 38. Bb1 R6d7 39. Bc2 Rd6 40. Bb1 R6d7 41. Bc2 Rd6 42. Rd3 Rxd3 43. Rxd3 Rd7 44. Rd2 Rd5 45. Rxd5 Qxd5 46. Qd3 Qxd3 47. Bxd3 Bxf3 48. gxf3 Kf8 49. Kf1 Ke7 50. Ke2 Kd6 51. Be4 Kc5 52. Kd3 Nh5 53. Ke3 g5 54. Bh7 f5 55. Bg6 Nf4 56. Bf7 Kd6 57. Be8 Nxh3 58. a4 bxa4 59. Bxa4 Nf4 60. Kd2 h5 61. Ke1 Nd3+ 62. Kf1 Nxb2 63. Bb3 a5 64. c4 Ke5 0-1

[Event "Mumbai Wealth op U13 4th"]
[Site "Mumbai"]
[Date "2019.01.01"]
[Round "3"]
[White "Aarav, Bhavin Mehta"]
[Black "Adireddy, Arjun"]
[Result "0-1"]
[WhiteElo "1166"]
[BlackElo "1468"]
[PlyCount "98"]
[EventDate "2018.12.30"]
[EventType "swiss"]
[EventRounds "9"]
[EventCountry "IND"]
[SourceTitle "CBM 188 Extra"]
[Source "ChessBase"]
[SourceDate "2019.02.28"]
[SourceVersion "1"]
[SourceVersionDate "2019.02.28"]
[SourceQuality "1"]

1. d4 d5 2. Nf3 Nf6 3. e3 e6 4. Bd3 Bd6 5. Nbd2 Nbd7 6. 0-0 0-0 7. e4 dxe4 8. Nxe4 Nxe4 9. Bxe4 f5 10. Bd3 h6 11. Re1 Nb6 12. c4 Be7 13. Bd2 g5 14. Bc3 Bf6 15. Ne5 g4 16. b3 Bg5 17. Bc2 Bd7 18. Qe2 Re8 19. Rad1 c6 20. Bd2 Kg7 21. Bc3 Kf8 22. Bb4+ Kg8 23. Bd2 Bxd2 24. Qxd2 Kg7 25. Qc3 Qf6 26. a4 Rad8 27. Bb1 Bc8 28. a5 Nd7 29. Nxd7 Rxd7 30. Rd3 Red8 31. c5 Rxd4 32. Rxd4 Qxd4 33. Qxd4+ Rxd4 34. g3 Kf6 35. Kf1 e5 36. Ke2 Be6 37. Bc2 Rb4 38. Rb1 e4 39. Ke3 Ke5 40. Rb2 Kd5 41. Bd1 Kxc5 42. Bc2 Kb5 43. Ra2 Bxb3 44. Bxb3 Rxb3+ 45. Kf4 Rf3+ 46. Ke5 c5 47. Kf6 c4 48. Kg6 c3 49. Kxh6 Kb4 0-1